000 00976nam a2200313 a 4500
999 _c2959
_d2959
006 a||||gr|||| 001 0
007 ta
008 050831s2013 xxka gr 001 0 eng d
020 _a9789381269787
_cRs.7000.00
040 _aKO
_beng
041 0 _aeng
044 _axxk
082 0 0 _a515.35
_bH6156
_223
100 1 _aHirsch, Morris W.,
245 1 0 _aDifferential equations, dynamical systems, and an introduction to chaos /
_cMorris W. Hirsch, Stephen Smale, Robert L. Devaney.
250 _a3rd ed.
260 _aOxford :
_bAcademic Press,
_c2013
300 _axiv, 418 p. :
_bill. ;
_c23 cm.
504 _aIncludes bibliographical references (p. 411-413) and index.
650 0 _aDifferential equations
_xTextbooks
650 0 _aAlgebras, Linear.
_xTextbooks
650 0 _aChaotic behavior in systems
_xTextbooks
700 _aSmale, Stephen
_eaut
700 _aDevaney, Robert L.
_eaut
904 _aRUDRA_R
905 _aR_RANJAN
942 _cGR